1433 1695 1460 1067 1810 1103 1841 1970 1475 1329 1982 1445 1063 1269 1644 1822 1077 1772 1461 1489 1709 1508 1948 1030 1813 1454 1527 1033 1964 1788 1378 1685 1126 1992 1294 1858 1073 1553 1845 1444 1944 1451 1797 1060 1787 1367 1459 1620 1508 1172 1091 1806 1396 1187 1942 1898 1528 1355 1833 1084 1263 1784 1504 1307 1013 1814 1510 1271 1978 1147 1089 1804 1393 1942 1574 1845 1479 1560 1031 1995 1347 1150 1427 1764 1881 1323 1957 1586 1285 1575 1555 1698 1047 1015 1125 1123 1818 1330 1696 BCNSPRNW ULIB Ver.6.0+V

เปลี่ยนเป็นภาษาไทย

Change to English
 แสดงรายละเอียดบรรณานุกรม
  กลับหน้าหลัก

Brief Record : Get Marc (ISO 2709) : E-mail record : QR code < ปิดหน้าต่าง
LEADER : 00000nam 2200000uu 4500
001    13399111899
003     ULIB
008    110711s2550||||th 000 0 tha d
020    9789749977705
050  4 DS586^bก677ก 2550
100 0  กิติวัฒนา (ไชยันต์) ปกมนตรี,^cม.ร.ว.
245 10 ก่อนเสด็จ...ลับเลือนหาย /^cม.ร.ว. หญิง กิติวัฒนา(ไชยันต์) ปกมนตร ; บรรณาธิการ ดนัย จันทร์เจ้าฉาย
246 30 ก่อนเสด็จลับเลือนหาย
250    พิมพ์ครั้งที่ 1
260    กรุงเทพฯ :^bดีเอ็มจี,^c2550
300    215 หน้า :^bภาพประกอบ ;^c24 ซม.
600 07 อานันทมหิดล,^cพระบาทสมเด็จพระปรเมนทรมหา,^d2468-2489
700 0  ดนัย จันทร์เจ้าฉาย,^eบรรณาธิการ
945    ^p199^l0^i022953
995    ทศพร
999 ^a ใช้งานได้ทุกระบบ
รายการนี้ยังไม่มีแท็ก
คุณยังไม่ได้ล็อกอิน คุณสามารถมีกิจกรรมร่วมกับเว็บไซต์ได้ แต่ต้องล็อกอินก่อน ::
  ล็อกอิน

รายการสื่อสารสนเทศ

ลำดับที่ ประเภท เลขเรียก/บาร์โค้ด สถานที่ สถานะ
- ไม่พบข้อมูล -

BibComment


ยังไม่เคยถูกคอมเมนท์

คอมเมนท์ทรัพยากรรายการนี้
  คอมเมนท์: ก่อนเสด็จลับเลือน..


 Copyright 2026. Bcnsprnw @Library